A study of low Reynolds number flow bluff bodies wake dynamics /
Saved in:
| Main Author: | |
|---|---|
| Format: | Thesis Book |
| Language: | English |
| Published: |
1998.
|
| Subjects: | |
| Tags: |
Add Tag
No Tags, Be the first to tag this record!
|
| LEADER | 00820cam a2200253 a 4500 | ||
|---|---|---|---|
| 001 | u436449 | ||
| 003 | SIRSI | ||
| 008 | 990312s1998 si v 00 1 eng m | ||
| 035 | |a ACG-7693 | ||
| 040 | |a UMM | ||
| 090 | |a TA357 |b Dia | ||
| 100 | 1 | 0 | |a Diao, Chenguang. |
| 245 | 1 | 2 | |a A study of low Reynolds number flow bluff bodies wake dynamics / |c by Diao Chenguang. |
| 260 | |c 1998. | ||
| 300 | |a ix, 116 leaves : |b ill. ; |c 30 cm. | ||
| 502 | |a Dissertation (M.Eng.) -- National University of Singapore, 1998. | ||
| 504 | |a Bibliography: leaves 60-65. | ||
| 650 | 0 | |a Wakes (Fluid dynamics) | |
| 650 | 0 | |a Cylinders |x Hydrodynamics. | |
| 650 | 0 | |a Reynolds stress. | |
| 650 | 0 | |a Vortex-motion |x Measurement | |
| 948 | |a 13/03/1999 |b 09/06/1999 | ||
| 596 | |a 1 | ||
| 999 | |a TA357 DIA |w LC |c 1 |i A508381700 |l STACKS |m P01UTAMA |r Y |s Y |t TESIS |u 23/6/1999 | ||
